000 00425nam a22001697a 4500
003 MPLRDC
005 20220104125526.0
008 210129b ||||| |||| 00| 0 eng d
082 _a947.413 LMYMZ v.3
100 _a铃本由美子
245 _a请你靠近我. 下
_c
260 _a
_b丽华出版社
_c
300 _b
490 _a捷豹少女漫画系列
650 _a少女漫画
942 _cBK
_o947.413 LMYMZ v.3
999 _c28047
_d28037